• 首页
  • 本馆介绍
  • 公告通知
  • 最新文献
  • 馆藏检索
  • 电子资源
  • 读者导购
  • 参考咨询
  • 我的图书馆
  • 登录
  • 详细信息显示
  • 放入我的书架
  • 预约/预借图书
  • 作者相关作品
  • 分类相关作品
  • 丛书相关作品
  • 出版社相关作品

书目信息

  • 表格格式
  • 工作单格式
  • 卡片格式
题名:
复合材料原理
    
 
作者: 朱和国 , 张爱文 编著
分册:  
出版信息: 北京   国防工业出版社  2013.07
页数: 272页
开本: 26cm
丛书名:
单 册:
中图分类: TB33
科图分类:
主题词: 复合材料--高等教育--教材 , 复合材料
电子资源:
ISBN: 978-7-118-08816-8
000 01140nam0 2200301 450
001 006209055
005 20140610105032.75
010    @a978-7-118-08816-8@dCNY36.00
100    @a20131016d2013 em y0chiy0110 ea
101 0  @achi
102    @aCN@b110000
105    @aak z 000yy
106    @ar
200 1  @a复合材料原理@9fu he cai liao yuan li@f朱和国,张爱文编著
210    @a北京@c国防工业出版社@d2013.07
215    @a272页@c图@d26cm
300    @a普通高等教育材料科学与工程“十二五”规划教材
312    @a封面英文题名:The fundamental principles of composites
330    @a本书首先介绍复合材料的基础部分:概论、增强体、基体、界面和复合理论,然后介绍应用最广的金属基复合材料、陶瓷苦复合材料等,最后介绍几种新型复合材料。每一部分内容从概念入手,再着重介绍其制备原理、材料性能及其应用。
333    @a高等院校材料科学与工程类专业师生
510 1  @aFundamental principles of composites@zeng
606 0  @a复合材料@x高等教育@j教材
606 0  @a复合材料
690    @aTB33@v5
701  0 @a朱和国@9zhu he guo@4编著
701  0 @a张爱文@9zhang ai wen@4编著
801  0 @aCN@b人天书店@c20131016
905    @b846667-70@dTB33@e243@f4
    
    复合材料原理/朱和国,张爱文编著.-北京:国防工业出版社,2013.07
    272页:图;26cm
    普通高等教育材料科学与工程“十二五”规划教材.-使用对象:高等院校材料科学与工程类专业师生
    
    ISBN 978-7-118-08816-8:CNY36.00
    本书首先介绍复合材料的基础部分:概论、增强体、基体、界面和复合理论,然后介绍应用最广的金属基复合材料、陶瓷苦复合材料等,最后介绍几种新型复合材料。每一部分内容从概念入手,再着重介绍其制备原理、材料性能及其应用。
●
相关链接 在E读中查询图书 在五车中查询图书 在当当中查询图书 在豆瓣中查询图书


正题名:复合材料原理     索取号:TB33/243         预约/预借

序号 登录号 条形码 馆藏地/架位号 状态 备注
1 846667   208466676   第二样本阅览室/ [索取号:TB33/243] 在馆    
2 846668   208466685   第三借阅区/ [索取号:TB33/243] 在馆    
3 846669   208466694   第三借阅区/ [索取号:TB33/243] 在馆    
4 846670   208466701   第三借阅区/ [索取号:TB33/243] 在馆    
唐山师范学院图书馆 欢迎您!
大连网信软件有限公司© 版权所有